Discord A-Z - Statistiques

Statistiques générales
  • Ce quiz a été pris 270 fois
  • Le résultat moyen est 15 sur 26
Statistiques - réponses
Hint Réponse % Correct
A La liste des personnes avec qui il est possible de discuter est la liste d'.... Amis
94%
G Format d'images numériques permettant de créer des images animées ou à fond transparent GIF
86%
L Pour inviter un membre sur un serveur, c'est possible avec un .... d'invitation Lien
83%
E Représentation graphique utilisée pour exprimer une émotion Emoji
82%
R Consignes souvent fixée par les modérateurs d’un serveur et dans lesquelles chaque membre doit respecter pour participer au sein communauté. Règles
82%
V Les salons permettant de communiquer à l'oral sont les salons ...... Vocaux
82%
M Signification de MP Message privé
80%
Q Boutton permettant à l'utilisateur de ne plus être dans un serveur Quitter
79%
B Abonnement permettant de soutenir un serveur en lui donnant la possibilité de monter en niveau Boost
76%
N Avantage de Discord existant sous 2 formats (basic et avancé) Nitro
73%
K Terme anglais parfois utilisé pour signifier que l'utilisateur a été banni du serveur Kick
68%
X Entreprise avec laquelle Discord propose parfois de codes Game Pass Xbox
66%
I Mode permettant de ne pas apparaître en ligne, même connecté Invisible
65%
F Type de salon spécifique qui permet d’organiser les discussions sous forme de sujets Forum
60%
Y Plateforme avec laquelle on peut streamer depuis Discord YouTube
59%
P Options et réglages permettant de personnaliser l'expérience Paramètres
55%
U Les personnes qui font des choses sur le site peuvent être appelés ........... Utilisateurs
54%
T Étiquette permettant aux membres d'afficher le nom d'un serveur à côté de leur pseudonyme Tag
49%
S Balise permettant de cacher l'image ou le texte envoyé Spoiler
45%
O Fonctionnalité intégrée qui permet d'accéder à l'interface de Discord tout en jouant à des jeux, sans avoir à basculer entre les fenêtres Overlay
43%
C Icone représentant le propriétaire d'un serveur Couronne
42%
Z Champ de saisie permettant à l'utilisateur de saisir du texte Zone de texte
34%
D Nom de ce bot Draftbot
30%
W Mascotte de Discord Wumpus
22%
H Programme communautaire dans lequel un questionnaire est proposé pour choisir sa maison (Maison du Bravoure, Maison de la Gloire ou Maison de l'Équilibre) HypeSquad
14%
J Créateur de Discord Jason Citron
9%
Aucun quiz correspondant
Distribution des résultats
% des personnes avec chaque résultat
Percentile par nombre de réponses
Votre historique - résultats
Vous n’avez pas pris ce quiz